000 00882nam a2200193 i 4500
001 162923
003 ES-MaACL
005 20251014063235.0
008 010309s1896 sp |||| | spa d
040 _aCCPB | B
_bspa
_cCCPB | B
100 1 _aRamírez de Arellano y Díaz de Morales, Rafael,
_d1854-1921
_995134
245 1 0 _aGuía artística de Córdoba o sea Indicación de los principales monumentos y objetos de arte que el curioso o aficionado debe visitar en esta ciudad /
_cpor Don Rafael Ramírez de Arellano.
246 3 0 _aIndicación de los principales monumentos y objetos de arte que el curioso o aficionado debe visitar en esta ciudad
260 _aSevilla :
_b[s.n.],
_c1896 (
_fTip. y Enc. de Enrique Bergali)
300 _a89 p. ;
_c21 cm.
650 4 _aArte-
_zCórdoba.
_9157774
852 _aES-MaACL
_j1527-F-17
_z- Rúst.
999 _c162923
_d162923